| 000 | 00820 a2200157 4500 | ||
|---|---|---|---|
| 001 | 151469 | ||
| 040 | _cEscola São Tomás de Aquino | ||
| 100 | _aPERLMAN, Alina | ||
| 240 | 1 | 0 |
_aFalando em tia Vanda _lpor |
| 245 | 1 | 0 | _aFalando em tia Vanda |
| 300 | _a35 | ||
| 362 | 0 | _a2004 | |
| 440 | 1 | _aSaraiva | |
| 697 | _a*LITERATURA INFANTO | ||
| 942 | _cBK | ||
| 999 |
_c151469 _d151469 |
||